Closing the seams: U.S. security policy in the americas /
La estrategia de la guerra global contra el terrorismo de la Administración de G. W. Bush en América Latina, se expresa en una serie de ejercicios militares incipientes, lo mismo que en programas de ayuda, iniciativas políticas y un conjunto de directrices doctrinales. Se argumenta que lo común de t...
Αποθηκεύτηκε σε:
| Κύριος συγγραφέας: | |
|---|---|
| Μορφή: | Κείμενο |
| Θέματα: | |
| Ετικέτες: |
Προσθήκη ετικέτας
Δεν υπάρχουν, Καταχωρήστε ετικέτα πρώτοι!
|
MARC
| LEADER | 00000 a a2200000 04500 | ||
|---|---|---|---|
| 001 | 10036 | ||
| 003 | |||
| 040 | |||
| 100 | |a Isacson, Adam | ||
| 245 | |a Closing the seams: |b U.S. security policy in the americas / |c Adam Isacson | ||
| 520 | |a La estrategia de la guerra global contra el terrorismo de la Administración de G. W. Bush en América Latina, se expresa en una serie de ejercicios militares incipientes, lo mismo que en programas de ayuda, iniciativas políticas y un conjunto de directrices doctrinales. Se argumenta que lo común de todos estos elementos de estrategia, es la ignorancia de las raíces económicas y sociales que están en la base de la inestabilidad regional | ||
| 650 | |a POLITICA EXTERNA NORTEAMERICANA | ||
| 650 | |a HISTORIA POLITICA | ||
| 650 | |a TERRORISMO | ||
| 650 | |a AYUDA MILITAR | ||
| 650 | |a MILITARISMO | ||
| 650 | |a AMERICA LATINA | ||
| 650 | |a ESTADOS UNIDOS | ||
| 773 | |g volumen 38, número 6; páginas 13-17 | ||
| 999 | |c 36937 |d 36937 | ||
